| 000 | 00687nam a22002417a 4500 | ||
|---|---|---|---|
| 005 | 20230602190402.0 | ||
| 008 | 210531b2020 xxu||||| |||| 00| 0 spa d | ||
| 020 | _a9788409180967 | ||
| 041 | _aESP | ||
| 082 | _a004.22 R541a | ||
| 100 |
_aRico, Rafael _979073 |
||
| 245 | _aApuntes de arquitectura de computadores: codificación | ||
| 260 | _aEspaña | ||
| 260 | _bMNRG | ||
| 260 | _c2020 | ||
| 300 | _a98 páginas | ||
| 650 |
_aARQUITECTURA DE COMPUTADORAS _979074 |
||
| 650 |
_aSISTEMAS DE CODIFICACIÓN _979075 |
||
| 650 |
_aCODIFICACIÓN EN COMPUTADOR _979076 |
||
| 650 |
_aCODIFICACIÓN EN NÚMEROS _979077 |
||
| 650 |
_aCODIFICACIÓN EN CONJUNTOS _979078 |
||
| 942 | _cBK | ||
| 999 |
_c12964 _d12964 |
||